| 000 | 00418nam a2200145Ia 4500 | ||
|---|---|---|---|
| 008 | 240729s9999 xx 000 0 und d | ||
| 245 | 0 | _aCSEE Journal of Power and Energy Systems | |
| 260 | _aChina | ||
| 260 | _bChina electric power research institute | ||
| 650 | _a Physics | ||
| 650 | _aTechnology | Science | ||
| 856 | _uhttps://doaj.org/toc/592f5af89f12468e9431e61e722df1af | ||
| 942 | _2ddc | ||
| 942 | _cDOAJEJ | ||
| 999 |
_c67524 _d67524 |
||
| 945 |
_a1 _bMadushi Gamage _c1 _dMadushi Gamage |
||